Oser parler, pouvoir ecrire

Saved in:
Bibliographic Details
Main Author: Massonnet, Jacqueline
Other Authors: Jeanjean, Marie - Christine, Jeanjean, Marie - Francoise
Format: Book
Language:French
Published: [Paris] : Nathan, 1994
Series:Les Pratiques de l' Education
Subjects:
Tags: Add Tag
No Tags, Be the first to tag this record!

MARC

LEADER 00000nam a2200000 i 4500
001 1/21517
008 970707s1994 fre d
020 |a 2-09-120-730-6 
035 |a 1995  |b 2  |c Χριστοδουλίδου  |l 10036323 
040 |a GR-MY-UA  |b gre  |e aacr 
041 0 |a fre 
082 0 |a 372.62 
100 1 |a Massonnet, Jacqueline. 
245 1 0 |a Oser parler, pouvoir ecrire /  |c Jacqueline Massonnet, Marie-Christine Jeanjean, Marie-Francoise Jeanjean 
260 |a [Paris] :   |b Nathan,   |c 1994 
300 |a 95 p. 
490 1 |a Les Pratiques de l' Education 
650 0 0 |a Communication in education. 
650 0 0 |a Language and education. 
700 1 |a Jeanjean, Marie - Christine. 
700 1 |a Jeanjean, Marie - Francoise. 
830 0 |a Les Pratiques de l' Education 
852 |a INST  |b RHODES  |e 19970707  |h 372.62 MAS  |p 005400005211  |q 005400005211  |t BK  |y 0 
909 |a Ρ  |b 042100  |c 1995 
970 |z 2000/08/ΔΕΜΕΝΑΓΑΣ ΠΕΤΡΟΣ